Statistiques concernant Cinéma - Images de films #1

Cliquez ici pour prendre le quiz!

Statistiques générales

  • Ce quiz a été pris 171 fois
  • Le résultat moyen est 3 sur 16

Statistiques - réponses

Réponse% Correct
Zodiac
50%
Le prestige
41%
Heat
39%
Donnie Brasco
35%
Edge of tomorrow
23%
Bienvenue à Gattaca
16%
Witness
14%
AI
10%
LA confidential
10%
Chute libre
9%
Une nuit en enfer
9%
Inside man
7%
Copland
5%
Dans la ligne de mire
3%
Le dernier samaritain
3%
L'ombre et la proie
1%

Distribution des résultats

Percentile par nombre de réponses

% des personnes avec chaque résultat

Votre développement - résultats

Vous n’avez pas pris ce quiz